<?xml version="1.0" encoding="UTF-8"?><record xmlns="http://www.loc.gov/MARC21/slim" xmlns:zs="http://docs.oasis-open.org/ns/search-ws/sruResponse">
  <leader>03106cidaa22005777i 4500</leader>
  <controlfield tag="001">22803847</controlfield>
  <controlfield tag="005">20250607115448.8</controlfield>
  <controlfield tag="008">220926s2021    caunnn  o      t    eng  </controlfield>
  <datafield ind1=" " ind2=" " tag="035">
    <subfield code="a">22803847</subfield>
  </datafield>
  <datafield ind1=" " ind2=" " tag="906">
    <subfield code="a">0</subfield>
    <subfield code="b">ibc</subfield>
    <subfield code="c">orignew</subfield>
    <subfield code="d">u</subfield>
    <subfield code="e">ncip</subfield>
    <subfield code="f">20</subfield>
    <subfield code="g">y-folklife</subfield>
  </datafield>
  <datafield ind1=" " ind2=" " tag="955">
    <subfield code="a">masmit 2022-09-26</subfield>
    <subfield code="a">masmit 2022-11-03</subfield>
    <subfield code="a">masmit 2024-01-04</subfield>
  </datafield>
  <datafield ind1=" " ind2=" " tag="010">
    <subfield code="a">  2022655223</subfield>
  </datafield>
  <datafield ind1=" " ind2=" " tag="040">
    <subfield code="a">DLC</subfield>
    <subfield code="b">eng</subfield>
    <subfield code="e">dacs</subfield>
    <subfield code="c">DLC</subfield>
  </datafield>
  <datafield ind1=" " ind2=" " tag="043">
    <subfield code="a">n-us-ca</subfield>
  </datafield>
  <datafield ind1=" " ind2=" " tag="090">
    <subfield code="a">AFC 2020/014: 012</subfield>
  </datafield>
  <datafield ind1="1" ind2=" " tag="100">
    <subfield code="a">Nguyen, Mai,</subfield>
    <subfield code="d">1984-</subfield>
    <subfield code="e">interviewee.</subfield>
  </datafield>
  <datafield ind1="1" ind2="0" tag="245">
    <subfield code="a">Mai Nguyen interview conducted by Katelyn Reuther, 2021-02-22.</subfield>
  </datafield>
  <datafield ind1=" " ind2="0" tag="264">
    <subfield code="c">2021-02-22.</subfield>
  </datafield>
  <datafield ind1=" " ind2=" " tag="300">
    <subfield code="a">1 sound recording (01:40:15) :</subfield>
    <subfield code="b">digital, wav</subfield>
  </datafield>
  <datafield ind1=" " ind2=" " tag="300">
    <subfield code="a">1 manuscript :</subfield>
    <subfield code="b">digital, pdf</subfield>
  </datafield>
  <datafield ind1=" " ind2=" " tag="336">
    <subfield code="a">spoken word</subfield>
    <subfield code="b">spw</subfield>
    <subfield code="2">rdacontent</subfield>
  </datafield>
  <datafield ind1=" " ind2=" " tag="337">
    <subfield code="a">computer</subfield>
    <subfield code="b">c</subfield>
    <subfield code="2">rdamedia</subfield>
  </datafield>
  <datafield ind1=" " ind2=" " tag="337">
    <subfield code="a">audio</subfield>
    <subfield code="b">s</subfield>
    <subfield code="2">rdamedia</subfield>
  </datafield>
  <datafield ind1=" " ind2=" " tag="338">
    <subfield code="a">online resource</subfield>
    <subfield code="b">cr</subfield>
    <subfield code="2">rdacarrier</subfield>
  </datafield>
  <datafield ind1=" " ind2=" " tag="500">
    <subfield code="a">interview conducted remotely from Boston, Massachusetts.</subfield>
  </datafield>
  <datafield ind1="0" ind2=" " tag="506">
    <subfield code="a">Collection is open for research. To request materials, please contact the Folklife Reading Room at</subfield>
    <subfield code="u">https://hdl.loc.gov/loc.afc/folklife.contact</subfield>
  </datafield>
  <datafield ind1=" " ind2=" " tag="518">
    <subfield code="a">Recorded remotely, Sonoma County, California, February 22, 2021.</subfield>
  </datafield>
  <datafield ind1=" " ind2=" " tag="520">
    <subfield code="a">Mai Nguyen specializes in growing heirloom crops using organic, drought-tolerant, and soil-enriching methods in Sonoma County, California. Mai describes their family's culture around food, their entry into farming through waste management and climate research, their farm and business, race, and their work with the Asian American Farmers Alliance.</subfield>
  </datafield>
  <datafield ind1="8" ind2=" " tag="524">
    <subfield code="a">Finding Roots: Asian American Farmers in Contemporary America: Occupational Folklife Project, 2020-2021 (AFC 2020/014), American Folklife Center, Library of Congress, Washington, D.C.</subfield>
  </datafield>
  <datafield ind1=" " ind2=" " tag="540">
    <subfield code="a">Duplication of collection materials may be governed by copyright and other restrictions.</subfield>
  </datafield>
  <datafield ind1="1" ind2="0" tag="600">
    <subfield code="a">Nguyen, Mai,</subfield>
    <subfield code="d">1984-</subfield>
    <subfield code="v">Interviews.</subfield>
  </datafield>
  <datafield ind1=" " ind2="0" tag="650">
    <subfield code="a">Vietnamese Americans</subfield>
    <subfield code="v">Interviews.</subfield>
  </datafield>
  <datafield ind1=" " ind2="0" tag="650">
    <subfield code="a">Women farmers</subfield>
    <subfield code="z">United States</subfield>
    <subfield code="v">Interviews.</subfield>
  </datafield>
  <datafield ind1=" " ind2="0" tag="650">
    <subfield code="a">Heirloom varieties (Plants)</subfield>
  </datafield>
  <datafield ind1=" " ind2="0" tag="650">
    <subfield code="a">Diversity in the workplace.</subfield>
  </datafield>
  <datafield ind1=" " ind2="0" tag="650">
    <subfield code="a">Social advocacy.</subfield>
  </datafield>
  <datafield ind1=" " ind2="0" tag="650">
    <subfield code="a">Refugees</subfield>
    <subfield code="z">United States.</subfield>
  </datafield>
  <datafield ind1=" " ind2="0" tag="650">
    <subfield code="a">Racism in the workplace.</subfield>
  </datafield>
  <datafield ind1=" " ind2="7" tag="655">
    <subfield code="a">Sound recordings.</subfield>
    <subfield code="2">lcgft</subfield>
  </datafield>
  <datafield ind1=" " ind2="7" tag="655">
    <subfield code="a">Personal narratives.</subfield>
    <subfield code="2">lcgft</subfield>
  </datafield>
  <datafield ind1=" " ind2="7" tag="655">
    <subfield code="a">Oral histories.</subfield>
    <subfield code="2">lcgft</subfield>
  </datafield>
  <datafield ind1=" " ind2="7" tag="655">
    <subfield code="a">Interviews.</subfield>
    <subfield code="2">lcgft</subfield>
  </datafield>
  <datafield ind1="1" ind2=" " tag="700">
    <subfield code="a">Reuther, Katie</subfield>
    <subfield code="q">(Katelyn),</subfield>
    <subfield code="e">interviewer.</subfield>
  </datafield>
  <datafield ind1="2" ind2=" " tag="710">
    <subfield code="a">Occupational Folklife Project,</subfield>
    <subfield code="e">sponsor.</subfield>
  </datafield>
  <datafield ind1=" " ind2=" " tag="751">
    <subfield code="a">Sonoma County (Calif.),</subfield>
    <subfield code="e">event place.</subfield>
  </datafield>
  <datafield ind1="0" ind2=" " tag="773">
    <subfield code="t">Finding Roots : Asian American Farmers in Contemporary America: Occupational Folklife Project, 2020-2021</subfield>
    <subfield code="g">AFC 2020/014</subfield>
    <subfield code="w">(DLC) 2021655315</subfield>
  </datafield>
  <datafield ind1=" " ind2=" " tag="852">
    <subfield code="a">Library of Congress</subfield>
    <subfield code="b">American Folklife Center,</subfield>
    <subfield code="e">101 Independence Ave. S.E., Washington, DC USA 20540-4610</subfield>
    <subfield code="u">https://hdl.loc.gov/loc.afc/folklife.home</subfield>
  </datafield>
  <datafield ind1="4" ind2="0" tag="856">
    <subfield code="3">Interview with Mai Nguyen.</subfield>
    <subfield code="d">afc2020014</subfield>
    <subfield code="f">afc2020014_012_sr01</subfield>
    <subfield code="u">https://hdl.loc.gov/loc.afc/afc2020014.afc2020014_012_sr01</subfield>
  </datafield>
  <datafield ind1="4" ind2="0" tag="856">
    <subfield code="3">Interview log for Mai Nguyen interview.</subfield>
    <subfield code="f">afc2020014_012_ms01</subfield>
    <subfield code="d">afc2020014</subfield>
  </datafield>
  <datafield ind1=" " ind2=" " tag="985">
    <subfield code="a">afc/ofp</subfield>
  </datafield>
  <datafield ind1=" " ind2=" " tag="985">
    <subfield code="a">afc/ofp/2020014</subfield>
  </datafield>
</record>
